Quick Pick: FRIENDS | It did not taste good Quiz Stats

 Plays Quiz not verified by Sporcle

Score 0/9 Timer 01:30
0 Plays Today
% Correct
I'm sorry but I think Jacques Cousteau is dead.
85.7%
No you weren't supposed to put beef in the trifle. It did not taste good.
84.4%
If you wanna leave, just leave
83.8%
I er, I got tricked into all those things.
83.8%
Why you felt you had to hide the fact that you were in an important relationship is beyond me. And we kinda figured about the porch swing.
82.5%
Drugs... Divorced, again?!
81.1%
You've been Ross's best friend all these years, stuck by him during the drug problems. And now you've taken on Monica as well.
81%
Thank you!
79.3%
I'll talk to them.
76%

You're not logged in!

Compare scores with friends on all Sporcle quizzes.
OR
Log In

Sporcle TV

Today on Sporcle TV


Watch our educational content, quiz creation guides, and fun videos on Sporcle TV.

Show Comments

Extras

Top Quizzes Today


Score Distribution

Your Account Isn't Verified!

In order to create a playlist on Sporcle, you need to verify the email address you used during registration. Go to your Sporcle Settings to finish the process.

Report this User

Report this user for behavior that violates our Community Guidelines.

Details: